[Event "Budapest SixDays 03 GM"]
[Site "Budapest"]
[Date "2024.04.01"]
[Round "4"]
[White "Mihok, Oliver"]
[Black "Kaasen, Tor Fredrik"]
[Result "0-1"]
[WhiteElo "2544"]
[BlackElo "2450"]
[PlyCount "120"]
[EventDate "2024.03.30"]
[EventType "tourn"]
[EventRounds "9"]
[EventCountry "HUN"]
[EventCategory "7"]
[SourceTitle "CB15_2024"]
[SourceDate "2024.04.10"]
[SourceVersion "1"]
[SourceVersionDate "2024.04.10"]
[SourceQuality "1"]

1. e4 c5 2. Nf3 d6 3. d4 cxd4 4. Nxd4 Nf6 5. Nc3 a6 6. Be3 e5 7. Nb3 Be6 8. f3 h5 9. Nd5 Bxd5 10. exd5 Nbd7 11. Qd2 g6 12. 0-0-0 Bg7 13. Kb1 Rc8 14. c4 Qc7 15. Rc1 b6 16. Be2 Nc5 17. Bd1 e4 18. Nd4 0-0 19. Nc6 Rfe8 20. Bc2 exf3 21. gxf3 b5 22. Bxc5 dxc5 23. Bd3 Qd6 24. Rcd1 b4 25. Rhg1 Kf8 26. f4 Ne4 27. Qg2 Qxf4 28. Rgf1 Qg4 29. Qc2 Nf6 30. Qf2 Kg8 31. Qxc5 Nd7 32. Qf2 Nf6 33. Rg1 Qd7 34. Qf3 Ng4 35. Rde1 Nxh2 36. Qf2 Ng4 37. Qa7 Qd6 38. Ne7+ Kh7 39. Rxg4 Rc7 40. Qf2 Rcxe7 41. Rge4 Rxe4 42. Rxe4 Rxe4 43. Bxe4 Qf6 44. Qe2 Qe5 45. c5 f5 46. Bf3 Qxe2 47. Bxe2 Bd4 48. c6 Be5 49. Bxa6 h4 50. a4 bxa3 51. b4 Kg7 52. Bf1 Kf7 53. b5 Bc7 54. Ka2 Ke7 55. Kxa3 Kd6 56. Kb3 g5 57. Bd3 f4 58. Kc4 g4 59. Be4 h3 60. Kd3 f3 0-1

[Event "HUN-ch"]
[Site "Budapest"]
[Date "2023.12.15"]
[Round "4"]
[White "Mihok, Oliver"]
[Black "Vanczak, Tamas"]
[Result "0-1"]
[WhiteElo "2549"]
[BlackElo "2422"]
[PlyCount "114"]
[EventDate "2023.12.12"]
[EventType "swiss"]
[EventRounds "9"]
[EventCountry "HUN"]
[SourceTitle "CB52_2023"]
[SourceDate "2023.12.27"]
[SourceVersion "1"]
[SourceVersionDate "2023.12.27"]
[SourceQuality "1"]

1. e4 d6 2. d4 Nf6 3. Nc3 e5 4. Nge2 Be7 5. g3 0-0 6. Bg2 c6 7. a4 a5 8. h3 Na6 9. Be3 Nb4 10. 0-0 exd4 11. Bxd4 d5 12. e5 Ne8 13. Na2 f6 14. c3 Nxa2 15. Rxa2 fxe5 16. Bxe5 Nd6 17. b3 Nf7 18. Bf4 Ng5 19. Kh2 Qd7 20. h4 Ne4 21. c4 Bc5 22. f3 Nf6 23. Rc2 b6 24. Bg5 dxc4 25. bxc4 Qf7 26. Nd4 Bd7 27. Nb3 Be7 28. Qd4 c5 29. Qa1 Bf5 30. Rcc1 Rad8 31. Rfe1 Bd6 32. f4 Qc7 33. Bxf6 Rxf6 34. Qc3 Bxf4 35. gxf4 Qxf4+ 36. Kg1 Rd3 37. Re8+ Kf7 38. Qe1 Be6 39. Rxe6 Rxe6 40. Qf1 Qxf1+ 41. Rxf1+ Rf6 42. Rb1 Rf4 43. Bd5+ Kf6 44. Rb2 Rxh4 45. Nd2 Kf5 46. Nf3 Rf4 47. Kg2 g5 48. Rxb6 g4 49. Be6+ Ke4 50. Ng5+ Ke3 51. Nxh7 Rf3 52. Rb2 g3 53. Bg4 Rf2+ 54. Rxf2 gxf2 55. Nf6 Rd4 56. Nd5+ Kd2 57. Bf3 Rxd5 0-1

[Event "SVK-chT 2324"]
[Site "Slovakia"]
[Date "2023.11.05"]
[Round "2.2"]
[White "Mihok, Oliver"]
[Black "Finek, Vaclav"]
[Result "1/2-1/2"]
[WhiteElo "2554"]
[BlackElo "2411"]
[PlyCount "116"]
[EventDate "2023.11.04"]
[EventType "team-tourn"]
[EventRounds "11"]
[EventCountry "SVK"]
[SourceTitle "Mega2024 Update 01"]
[Source "Chessbase"]
[SourceDate "2023.11.12"]
[SourceVersion "1"]
[SourceVersionDate "2023.11.12"]
[SourceQuality "1"]
[WhiteTeam "Cebovce"]
[BlackTeam "Dunajska Streda"]
[WhiteTeamCountry "SVK"]
[BlackTeamCountry "SVK"]

1. e4 c5 2. Nf3 g6 3. d4 cxd4 4. Nxd4 Bg7 5. c4 Nc6 6. Be3 Qb6 7. Nb3 Qd8 8. Qd2 Nf6 9. Nc3 Ng4 10. Bf4 d6 11. h3 Nf6 12. Bh6 0-0 13. Bxg7 Kxg7 14. 0-0-0 a6 15. g4 Be6 16. Kb1 Nd7 17. Nd4 Nxd4 18. Qxd4+ f6 19. Nd5 Ne5 20. f4 Nc6 21. Qd2 Bf7 22. h4 Qa5 23. Qxa5 Nxa5 24. g5 Nc6 25. gxf6+ exf6 26. Nb6 Rad8 27. Bg2 Be6 28. Rd2 f5 29. Bh3 Rf6 30. Nd5 Rf7 31. Rhd1 Re8 32. Re1 Kf8 33. Rde2 Nd4 34. Re3 Bxd5 35. cxd5 fxe4 36. Rxe4 Rxe4 37. Rxe4 Nb5 38. Be6 Re7 39. h5 Nc7 40. hxg6 hxg6 41. f5 gxf5 42. Rf4 Nxe6 43. dxe6 Rxe6 44. Rxf5+ Ke7 45. Kc2 Re3 46. Rh5 Kd7 47. Rh7+ Kc6 48. Rg7 Rh3 49. Rg5 b6 50. a4 a5 51. Rg8 Rh4 52. b3 Rh3 53. Rc8+ Kd7 54. Rb8 Kc7 55. Rg8 Rf3 56. Rh8 Kc6 57. Rc8+ Kd5 58. Rb8 Kc6 1/2-1/2

[Event "SVK-chT 2223"]
[Site "Slovakia"]
[Date "2023.02.26"]
[Round "8.5"]
[White "Navara, David"]
[Black "Mihok, Oliver"]
[Result "1-0"]
[WhiteElo "2676"]
[BlackElo "2545"]
[PlyCount "123"]
[EventDate "2022.10.22"]
[EventType "team-tourn"]
[EventRounds "11"]
[EventCountry "SVK"]
[SourceTitle "EXT 2024"]
[Source "ChessBase"]
[SourceDate "2023.10.10"]
[SourceVersion "1"]
[SourceVersionDate "2023.10.10"]
[SourceQuality "1"]
[WhiteTeam "Humenne Reinter"]
[BlackTeam "Cebovce"]
[WhiteTeamCountry "SVK"]
[BlackTeamCountry "SVK"]

1. d4 Nf6 2. c4 g6 3. Nc3 Bg7 4. e4 d6 5. Nf3 0-0 6. Be2 e5 7. 0-0 Nc6 8. d5 Ne7 9. b4 a5 10. bxa5 Rxa5 11. a4 Ne8 12. Be3 h6 13. Qd2 Kh7 14. c5 f5 15. Nb5 Ra8 16. cxd6 Nxd6 17. Nxd6 cxd6 18. a5 fxe4 19. Bb6 Qe8 20. Ne1 Qf7 21. Bc4 Bd7 22. Nc2 Rac8 23. Bb3 Nf5 24. Qb4 Qf6 25. Qxe4 Bb5 26. Rfd1 Nd4 27. Nxd4 Qxf2+ 28. Kh1 exd4 29. Bxd4 Bxd4 30. Qxd4 Qxd4 31. Rxd4 Rc3 32. Rb4 Ba6 33. h3 Re3 34. Ba4 Re5 35. Rb6 Rxd5 36. Bc6 bxc6 37. Rxa6 h5 38. Rxc6 Rf7 39. a6 Ra7 40. Rb1 Kg7 41. Rbb6 Rd7 42. Rc8 Ra5 43. Rb7 Rf7 44. Ra8 Kf6 45. h4 Ke6 46. Re8+ Kf6 47. Rb6 Rd7 48. Kg1 Ra2 49. Kf1 Kf7 50. Rh8 Kg7 51. Rhb8 Kf6 52. Re8 Kf7 53. Rh8 Kg7 54. Rc8 Rf7+ 55. Kg1 Rd7 56. Rcc6 Rd2 57. Kh2 Kf7 58. Rc8 Ra2 59. Rb7 Re7 60. Rh8 Kf6 61. Rxe7 Kxe7 62. a7 1-0

[Event "HUN-chT 2223"]
[Site "Hungary"]
[Date "2023.02.12"]
[Round "5.1"]
[White "Mihok, Oliver"]
[Black "Volokitin, Andrei"]
[Result "1/2-1/2"]
[WhiteElo "2546"]
[BlackElo "2663"]
[PlyCount "60"]
[EventDate "2022.11.20"]
[EventType "team-tourn"]
[EventRounds "9"]
[EventCountry "HUN"]
[SourceTitle "CBM 213 Extra"]
[Source "ChessBase"]
[SourceDate "2023.05.31"]
[SourceVersion "1"]
[SourceVersionDate "2023.05.31"]
[SourceQuality "1"]
[WhiteTeam "Mako Duocor"]
[BlackTeam "Aquaprofit"]
[WhiteTeamCountry "HUN"]
[BlackTeamCountry "HUN"]

1. e4 c5 2. Nf3 d6 3. Bb5+ Nd7 4. d4 cxd4 5. Qxd4 a6 6. Bxd7+ Bxd7 7. c4 Nf6 8. Bg5 e6 9. Nc3 Be7 10. 0-0 0-0 11. Rfd1 Bc6 12. Qd3 h6 13. Bh4 Qa5 14. Nd4 Qh5 15. Nxc6 bxc6 16. Bg3 Rfd8 17. h3 d5 18. cxd5 cxd5 19. exd5 Nxd5 20. Nxd5 Rxd5 21. Qb3 Rad8 22. Rxd5 Qxd5 23. Qxd5 Rxd5 24. Rc1 f5 25. Kf1 Ra5 26. a3 Rb5 27. Rc6 Rxb2 28. Rxe6 Bxa3 29. Rxa6 Bc5 30. Rc6 Bd4 1/2-1/2

[Event "HUN-chT 2223"]
[Site "Hungary"]
[Date "2022.12.18"]
[Round "3.1"]
[White "Mihok, Oliver"]
[Black "Mazur, Stefan"]
[Result "1/2-1/2"]
[WhiteElo "2546"]
[BlackElo "2423"]
[PlyCount "99"]
[EventDate "2022.11.20"]
[EventType "team-tourn"]
[EventRounds "9"]
[EventCountry "HUN"]
[SourceTitle "CBM 213 Extra"]
[Source "ChessBase"]
[SourceDate "2023.05.31"]
[SourceVersion "1"]
[SourceVersionDate "2023.05.31"]
[SourceQuality "1"]
[WhiteTeam "Mako Duocor"]
[BlackTeam "Biatorbagy"]
[WhiteTeamCountry "HUN"]
[BlackTeamCountry "HUN"]

1. e4 g6 2. d4 Bg7 3. Nf3 d6 4. Bc4 e6 5. Bb3 Nf6 6. Nc3 0-0 7. 0-0 Nc6 8. Re1 Na5 9. e5 dxe5 10. dxe5 Qxd1 11. Rxd1 Nd7 12. Bf4 Nc6 13. Re1 a6 14. Rad1 h6 15. h4 b6 16. a3 Rd8 17. Nd4 Ndb8 18. Nf3 Nd7 19. Nd4 Ndb8 20. Nxc6 Nxc6 21. Rxd8+ Nxd8 22. Ne4 Bb7 23. Nf6+ Kf8 24. Rd1 Bc6 25. Ng4 h5 26. Nf6 Nb7 27. Bg5 Nc5 28. Bc4 Ne4 29. Nxe4 Bxe4 30. f4 b5 31. Be2 Ke8 32. c4 b4 33. axb4 Bf8 34. c5 a5 35. bxa5 Bxc5+ 36. Kf1 Bd5 37. a6 c6 38. Rc1 Be3 39. Rb1 Rb8 40. b4 Ba7 41. b5 cxb5 42. Rxb5 Rc8 43. Rb1 Rc2 44. Rd1 Ra2 45. Rc1 Rb2 46. Bf3 Kd7 47. Rd1 Kc6 48. Rc1+ Kd7 49. Rd1 Kc6 50. Rc1+ 1/2-1/2

[Event "HUN-chT 2223"]
[Site "Hungary"]
[Date "2022.11.20"]
[Round "1.1"]
[White "Mihok, Oliver"]
[Black "Papp, Levente"]
[Result "1-0"]
[WhiteElo "2546"]
[BlackElo "2391"]
[PlyCount "67"]
[EventDate "2022.11.20"]
[EventType "team-tourn"]
[EventRounds "9"]
[EventCountry "HUN"]
[SourceTitle "CBM 211 Extra"]
[Source "ChessBase"]
[SourceDate "2023.01.31"]
[SourceVersion "1"]
[SourceVersionDate "2023.01.31"]
[SourceQuality "1"]
[WhiteTeam "Mako Duocor"]
[BlackTeam "Budapest MTK"]
[WhiteTeamCountry "HUN"]
[BlackTeamCountry "HUN"]

1. e4 e6 2. d4 d5 3. Nc3 Bb4 4. e5 c5 5. a3 Bxc3+ 6. bxc3 Nc6 7. Qg4 g6 8. Nf3 Qa5 9. Bd2 Qa4 10. Be2 Bd7 11. Qf4 c4 12. Ra2 h6 13. 0-0 Rh7 14. Qh4 Rg7 15. h3 g5 16. Qh5 0-0-0 17. Nh2 Qa5 18. Rd1 Rf8 19. f4 gxf4 20. Ng4 Nce7 21. Nf6 Nf5 22. Bf1 Ne3 23. Re1 Nxf6 24. exf6 Rg5 25. Qxh6 Rfg8 26. Bxe3 Qxc3 27. Bxf4 Qxe1 28. Bxg5 Qb1 29. Qg7 Rd8 30. Qxf7 Qxa2 31. Qe7 Qxc2 32. f7 Rh8 33. Qc5+ Bc6 34. f8R+ 1-0

[Event "SVK-chT1W 2223"]
[Site "Slovakia"]
[Date "2022.11.05"]
[Round "3.1"]
[White "Mihok, Oliver"]
[Black "Pacher, Milan"]
[Result "1-0"]
[WhiteElo "2546"]
[BlackElo "2460"]
[PlyCount "69"]
[EventDate "2022.10.15"]
[EventType "team-tourn"]
[EventRounds "11"]
[EventCountry "SVK"]
[SourceTitle "EXT 2024"]
[Source "ChessBase"]
[SourceDate "2023.10.10"]
[SourceVersion "1"]
[SourceVersionDate "2023.10.10"]
[SourceQuality "1"]
[WhiteTeam "Nitra NSK"]
[BlackTeam "Trnava Sered"]
[WhiteTeamCountry "SVK"]
[BlackTeamCountry "SVK"]

1. d4 d5 2. Nc3 Nf6 3. Bf4 c5 4. e4 cxd4 5. Qxd4 Nc6 6. Bb5 Bd7 7. Bxc6 Bxc6 8. e5 Ne4 9. e6 Qb6 10. Qxb6 axb6 11. Nxe4 dxe4 12. exf7+ Kxf7 13. Ne2 e6 14. Be3 b5 15. Nd4 b4 16. Nxc6 bxc6 17. Ke2 Be7 18. Rhd1 Rhd8 19. Rxd8 Bxd8 20. a4 Bf6 21. Ra2 c5 22. a5 Bd4 23. a6 e5 24. Bd2 b3 25. cxb3 Ke6 26. b4 c4 27. Be3 Kd6 28. Ra5 Kc6 29. f3 exf3+ 30. Kxf3 Rd8 31. Ke4 Kb6 32. a7 Ra8 33. Bxd4+ exd4 34. Kxd4 Kb7 35. Kc3 1-0

[Event "CZE-chT 2223"]
[Site "Czech Republic"]
[Date "2022.10.16"]
[Round "2.3"]
[White "Laznicka, Viktor"]
[Black "Mihok, Oliver"]
[Result "1/2-1/2"]
[WhiteElo "2620"]
[BlackElo "2545"]
[PlyCount "33"]
[EventDate "2022.10.15"]
[EventType "team-tourn"]
[EventRounds "11"]
[EventCountry "CZE"]
[SourceTitle "CBM 210 Extra"]
[Source "ChessBase"]
[SourceDate "2022.11.30"]
[SourceVersion "1"]
[SourceVersionDate "2022.11.30"]
[SourceQuality "1"]
[WhiteTeam "Pardubice"]
[BlackTeam "Ingem Line"]
[WhiteTeamCountry "CZE"]
[BlackTeamCountry "CZE"]

1. Nf3 Nf6 2. c4 g6 3. b4 Bg7 4. Bb2 0-0 5. e3 d6 6. d4 e5 7. dxe5 dxe5 8. Nbd2 e4 9. Nd4 Na6 10. b5 Nc5 11. N2b3 Qe7 12. Nxc5 Qxc5 13. Qc2 a6 14. a4 Re8 15. Nb3 Qg5 16. h3 Be6 17. g3 1/2-1/2

[Event "Skalica op-A"]
[Site "Skalica"]
[Date "2022.08.28"]
[Round "9"]
[White "Turcan, Richard"]
[Black "Mihok, Oliver"]
[Result "1/2-1/2"]
[WhiteElo "2320"]
[BlackElo "2552"]
[PlyCount "102"]
[EventDate "2022.08.20"]
[EventType "swiss"]
[EventRounds "9"]
[EventCountry "SVK"]
[SourceTitle "CBM 209 Extra"]
[Source "ChessBase"]
[SourceDate "2022.09.30"]
[SourceVersion "1"]
[SourceVersionDate "2022.09.30"]
[SourceQuality "1"]

1. e4 c5 2. Nf3 Nc6 3. c4 e5 4. Nc3 d6 5. d3 Be7 6. g3 h5 7. h4 Nf6 8. Bh3 Ng4 9. Nd5 Be6 10. Ng5 Bd7 11. f3 Nf6 12. Nxf6+ gxf6 13. Bxd7+ Qxd7 14. Nh3 Rg8 15. Kf2 0-0-0 16. Be3 Rg6 17. Ng1 f5 18. Ne2 fxe4 19. dxe4 f5 20. exf5 Qxf5 21. Qb1 Qf7 22. Qe4 Rg4 23. Qd5 Qf5 24. Nf4 Rxg3 25. Qe6+ Qxe6 26. Nxe6 Rdg8 27. Ng5 Bxg5 28. hxg5 R3xg5 29. Bxg5 Rxg5 30. Rag1 Rf5 31. Ke3 Nd4 32. Rg7 Rf4 33. Rg8+ Kd7 34. Rxh5 Rxf3+ 35. Kd2 Rf2+ 36. Kd3 Rf3+ 37. Kd2 Rf7 38. Rgh8 Rf2+ 39. Kd3 Rf3+ 40. Kd2 Rf2+ 41. Kd3 Rxb2 42. R5h7+ Kc6 43. Rc8+ Kb6 44. Rd8 Nc6 45. Rxd6 e4+ 46. Kxe4 Rc2 47. Kd5 Rd2+ 48. Ke6 Re2+ 49. Kd7 Re4 50. Kc8 Re8+ 51. Kd7 Re4 1/2-1/2

[Event "Skalica op-A"]
[Site "Skalica"]
[Date "2022.08.25"]
[Round "6"]
[White "Lanka, Zigurds"]
[Black "Mihok, Oliver"]
[Result "1/2-1/2"]
[WhiteElo "2399"]
[BlackElo "2552"]
[PlyCount "27"]
[EventDate "2022.08.20"]
[EventType "swiss"]
[EventRounds "9"]
[EventCountry "SVK"]
[SourceTitle "CBM 209 Extra"]
[Source "ChessBase"]
[SourceDate "2022.09.30"]
[SourceVersion "1"]
[SourceVersionDate "2022.09.30"]
[SourceQuality "1"]

1. e4 c5 2. Nf3 e6 3. d4 cxd4 4. Nxd4 Nc6 5. Nc3 Qc7 6. Be2 Nf6 7. a3 Be7 8. f4 d6 9. g4 d5 10. e5 Nxd4 11. Qxd4 Nd7 12. Be3 f6 13. Nb5 Qc6 14. Qc3 1/2-1/2

[Event "Skalica op-A"]
[Site "Skalica"]
[Date "2022.08.21"]
[Round "2"]
[White "Hrbek, Stepan"]
[Black "Mihok, Oliver"]
[Result "1/2-1/2"]
[WhiteElo "2308"]
[BlackElo "2552"]
[PlyCount "94"]
[EventDate "2022.08.20"]
[EventType "swiss"]
[EventRounds "9"]
[EventCountry "SVK"]
[SourceTitle "CBM 209 Extra"]
[Source "ChessBase"]
[SourceDate "2022.09.30"]
[SourceVersion "1"]
[SourceVersionDate "2022.09.30"]
[SourceQuality "1"]

1. e4 c5 2. Nf3 e6 3. g3 Nc6 4. Bg2 Nf6 5. d3 Be7 6. e5 Nd5 7. c4 Nc7 8. Nc3 d5 9. exd6 Bxd6 10. d4 0-0 11. Be3 cxd4 12. Nxd4 Nxd4 13. Qxd4 e5 14. Qd2 Qe7 15. Rd1 Bc5 16. Bxc5 Qxc5 17. Ne4 Qc6 18. 0-0 Bg4 19. Rc1 f5 20. Nd6 e4 21. c5 Nb5 22. h3 Bh5 23. g4 Bg6 24. gxf5 Bxf5 25. Nxf5 Rxf5 26. a4 Nc7 27. Qd6 Re8 28. Rfe1 Rg5 29. Qxc6 bxc6 30. Kf1 Rb8 31. Rc2 Na6 32. Bxe4 Rxc5 33. Rxc5 Nxc5 34. Bxc6 Kf8 35. Re5 Nd3 36. Rf5+ Ke7 37. Ra5 Rxb2 38. Rxa7+ Kd6 39. Bb5 Nf4 40. Ke1 Nxh3 41. Rxg7 Nxf2 42. Rxh7 Ne4 43. Kd1 Nc3+ 44. Kc1 Rb4 45. Rh6+ Ke7 46. Kc2 Nxb5 47. axb5 Rxb5 1/2-1/2

[Event "Skalica op-A"]
[Site "Skalica"]
[Date "2022.08.20"]
[Round "1"]
[White "Mihok, Oliver"]
[Black "Perkampus, Laurin"]
[Result "1-0"]
[WhiteElo "2552"]
[BlackElo "2108"]
[PlyCount "79"]
[EventDate "2022.08.20"]
[EventType "swiss"]
[EventRounds "9"]
[EventCountry "SVK"]
[SourceTitle "CBM 209 Extra"]
[Source "ChessBase"]
[SourceDate "2022.09.30"]
[SourceVersion "1"]
[SourceVersionDate "2022.09.30"]
[SourceQuality "1"]

1. Nf3 d5 2. b3 Bf5 3. Bb2 Nf6 4. Nh4 Bd7 5. g3 c5 6. Bg2 Bc6 7. 0-0 d4 8. Nf3 g6 9. e3 dxe3 10. fxe3 Bg7 11. Na3 0-0 12. Nc4 Nbd7 13. a4 b6 14. Qe2 Qc7 15. d3 Rfe8 16. e4 e5 17. Bh3 Re7 18. Rf2 Rf8 19. Raf1 Ne8 20. Nfd2 f6 21. Ne3 Nd6 22. c4 Kh8 23. Nd5 Bxd5 24. cxd5 Nb8 25. Nc4 Nxc4 26. dxc4 a5 27. Be6 Qd6 28. g4 g5 29. Bf5 h6 30. h4 Na6 31. Bg6 Rd8 32. Rf5 Nc7 33. Qh2 gxh4 34. Qxh4 Ne8 35. Bc1 Kg8 36. Kg2 Qd7 37. Rh5 Kf8 38. g5 hxg5 39. Rh8+ Bxh8 40. Qxh8# 1-0

[Event "SVK-chT 2122"]
[Site "Slovakia"]
[Date "2022.06.11"]
[Round "10.6"]
[White "Plat, Vojtech"]
[Black "Mihok, Oliver"]
[Result "1/2-1/2"]
[WhiteElo "2546"]
[BlackElo "2534"]
[PlyCount "25"]
[EventDate "2021.10.23"]
[EventType "team-tourn"]
[EventRounds "11"]
[EventCountry "SVK"]
[SourceTitle "EXT 2023"]
[Source "ChessBase"]
[SourceDate "2022.10.05"]
[SourceVersion "1"]
[SourceVersionDate "2022.10.05"]
[SourceQuality "1"]
[WhiteTeam "Dubnica nad Vahom"]
[BlackTeam "Cebovce"]
[WhiteTeamCountry "SVK"]
[BlackTeamCountry "SVK"]

1. d4 Nf6 2. c4 g6 3. g3 Bg7 4. Bg2 0-0 5. Nc3 d6 6. Nf3 Nc6 7. 0-0 e5 8. dxe5 dxe5 9. Bg5 h6 10. Qxd8 Rxd8 11. Bxf6 Bxf6 12. Nd5 Kg7 13. Nd2 1/2-1/2